Principles of Two Dimensional Design (Record no. 2260)

000 -LEADER
fixed length control field 00420nam a2200169Ia 4500
003 - CONTROL NUMBER IDENTIFIER
control field OSt
005 - DATE AND TIME OF LATEST TRANSACTION
control field 20251018102118.0
008 - FIXED-LENGTH DATA ELEMENTS--GENERAL INFORMATION
fixed length control field 180730s9999||||xx |||||||||||||| ||und||
020 ## - INTERNATIONAL STANDARD BOOK NUMBER
International Standard Book Number 9.7804712896e+012
040 ## - CATALOGING SOURCE
Transcribing agency 0
082 ## - DEWEY DECIMAL CLASSIFICATION NUMBER
Classification number 741.602
Item number WON/P
100 ## - MAIN ENTRY--PERSONAL NAME
Personal name Wong, Wucius
245 #0 - TITLE STATEMENT
Title Principles of Two Dimensional Design
260 ## - PUBLICATION, DISTRIBUTION, ETC.
Place of publication, distribution, etc. New yark
Name of publisher, distributor, etc. John Wiley & Sons, INC
Date of publication, distribution, etc. 1972
300 ## - PHYSICAL DESCRIPTION
Extent 77p.
942 ## - ADDED ENTRY ELEMENTS (KOHA)
Institution code [OBSOLETE] BK
Source of classification or shelving scheme
Koha item type Book
Holdings
Withdrawn status Lost status Damaged status Not for loan Collection code Permanent Location Current Location Date acquired Cost, normal purchase price Full call number Barcode Date last seen Price effective from Koha item type
        School of Animation (Noida) MUIT-NOIDA MUIT-NOIDA 2018-07-30 2308.00 741.602 WON/P ANM00309 2018-07-30 2018-07-30 Book

All Rights Reserved@MUIT

Powered by Koha